000 00628nam a2200217Ii 4500
003 JO-AjNU
008 230606s9999||||xx |||||||||||||| ||und||
020 _a0-19-437146-8
040 _aJO-AjNU
_beng
_erda
_cJO-AjNU
041 _aeng
050 1 4 _aPE2751.P53 2008
100 3 _aتاليف Phillipson,Robert,
_eauthor
_91966
245 0 0 _aLinguistic Imperialism
250 _a1 ed
264 3 1 _aNew York:Oxford University Press,2009
300 _a365p
336 _atext
_btxt
_2rdacontent
337 _aunmediated
_bn
_2rdamedia
338 _avolume
_bnc
_2rdacarrier
650 4 _aLinguistic Imperialism -Language
_91967
999 _aE1033
_c1033
_d1033